00233 a2200109 4500001000700000020000600007040001100013100003300024240003100057245002600088362000900114168057 a  cMagnum aMartins, Maria Helena (Org.)10aQuestoes de linguagemlpor10aQuestoes de linguagem0 a1899